Marine policy : (Record no. 27225)

000 -LEADER
fixed length control field 02849cam a22004338i 4500
006 - FIXED-LENGTH DATA ELEMENTS--ADDITIONAL MATERIAL CHARACTERISTICS--GENERAL INFORMATION
fixed length control field m o d
007 - PHYSICAL DESCRIPTION FIXED FIELD--GENERAL INFORMATION
fixed length control field cr |||||||||||
008 - FIXED-LENGTH DATA ELEMENTS--GENERAL INFORMATION
fixed length control field 190318s2019 nyu ob 001 0 eng
020 ## - INTERNATIONAL STANDARD BOOK NUMBER
International Standard Book Number 9781351216227
Qualifying information (R) (eBook)
International Standard Book Number 1351216228
International Standard Book Number 9781351216197
Qualifying information (R) (electronic bk. : Mobipocket)
International Standard Book Number 1351216198
Qualifying information (R) (electronic bk. : Mobipocket)
International Standard Book Number 9781351216203
Qualifying information (R) (electronic bk. : EPUB)
International Standard Book Number 1351216201
Qualifying information (R) (electronic bk. : EPUB)
International Standard Book Number 9780203095256
Qualifying information (R) (electronic bk.)
International Standard Book Number 0203095251
Qualifying information (R) (electronic bk.)
International Standard Book Number 9781351216210
Qualifying information (R) (electronic bk. : PDF)
International Standard Book Number 135121621X
Qualifying information (R) (electronic bk. : PDF)
040 ## - CATALOGING SOURCE
Original cataloging agency OCoLC-P
Language of cataloging eng
Description conventions rda
072 #7 - SUBJECT CATEGORY CODE
Subject category code NAT
Subject category code subdivision 025000
Source bisacsh
Subject category code SCI
Subject category code subdivision 039000
Source bisacsh
Subject category code LAW
Subject category code subdivision 034000
Source bisacsh
Subject category code TQ
Source bicssc
082 00 - DEWEY DECIMAL CLASSIFICATION NUMBER
Classification number 341.4/5
Edition number 23
100 1# - MAIN ENTRY--PERSONAL NAME
Personal name Zacharias, Mark,
Dates associated with a name 1967-
245 10 - TITLE STATEMENT
Title Marine policy :
Remainder of title an introduction to governance and international law of the oceans /
250 ## - EDITION STATEMENT
Edition statement Second edition.
260 ## - PUBLICATION, DISTRIBUTION, ETC. (IMPRINT)
Place of publication, distribution, etc London
Name of publisher, distributor, etc Taylor & Francis Group
Date of publication, distribution, etc 2019
300 ## - PHYSICAL DESCRIPTION
Extent 1 online resource
520 ## - SUMMARY, ETC.
Summary, etc This book provides readers with a foundation in policy development and analysis, describing how policy, including legal mechanisms, are applied to the marine environment. It presents a systematic treatment of all aspects of marine policy, including climate change, energy, environmental protection, fisheries, mining and transportation. The health of marine environments worldwide is steadily declining, and these trends have been widely reported. Marine Policy summarizes the importance of the ocean governance nexus, discussing current and anticipated challenges facing marine ecosystems, human activities, and efforts to address these threats. This new, fully revised edition has been updated throughout, including content to reflect the recent advances in ocean management and international law. Chapters on shipping, energy/mining and integrated approaches to ocean management have been significantly reworked, plus completely new chapters on the United Nations Convention on the Law of the Sea, and the impacts of climate change have been added. Pedagogical features for students are included throughout. Aligned with current course offerings, this book is an ideal introduction for undergraduates and graduate students taking marine affairs, science and policy courses.
650 #0 - SUBJECT ADDED ENTRY--TOPICAL TERM
Topical term or geographic name as entry element Law of the sea.
Topical term or geographic name as entry element NATURE / Oceans & Seas
Source of heading or term bisacsh
Topical term or geographic name as entry element SCIENCE / Life Sciences / Biology / Marine Biology
Source of heading or term bisacsh
Topical term or geographic name as entry element LAW / Environmental
Source of heading or term bisacsh
700 1# - ADDED ENTRY--PERSONAL NAME
Personal name Ardron, Jeff,
Relator term author.
856 40 - ELECTRONIC LOCATION AND ACCESS
Uniform Resource Identifier <a href="https://www.taylorfrancis.com/books/9781351216227">https://www.taylorfrancis.com/books/9781351216227</a>
Uniform Resource Identifier <a href="http://www.oclc.org/content/dam/oclc/forms/terms/vbrl-201703.pdf">http://www.oclc.org/content/dam/oclc/forms/terms/vbrl-201703.pdf</a>
942 ## - ADDED ENTRY ELEMENTS (KOHA)
Item type E-Book

No items available.

Designed and Maintained by IMU-KC Library, Kolkata Campus © Copyright All Rights Reserved

webs counters

Powered by Koha